00755nam a22002297a 45000010005000000030009000050050017000140080044000310200018000750400038000930820020001311000024001512450091001752500012002662600071002783000028003494900023003775000020004005040041004206500035004617000029004965379BD-DhUAP20200119111721.0200119r20071996ii | 001 0 eng d  a9780070593695 aBD-DhUAPcBD-DhUAPdBD-DhUAPbEng00223a005.133 GOT aGottfried, Byron S. aSchaum's outlines programming with c /cByron S. Gottfried and Jitender Kumar Chhabra. a2nd ed. aNew Delhi :bTata Mcgraw-hill publishing,cc1996 [Reprinted 2007]. avarious pages ;c24 cm. aSchaum's outlines. aIncludes index. aIncludes bibliographical references. 0aC (Computer program language). aChhabra, Jitender Kumar.